| 000 | 00973cam a22003015a 4500 | ||
|---|---|---|---|
| 001 | ocm77257978 | ||
| 003 | OSt | ||
| 005 | 20170103111330.0 | ||
| 008 | 061212t2008 enka frb 001 0 eng d | ||
| 020 | _a9781850971313 | ||
| 020 | _a1850971315 | ||
| 040 |
_aUKM _cUKM _beng _dEG-ScBUE |
||
| 082 | 0 | 4 |
_222 _a617.634 _bKEL |
| 100 | 1 | _aKelleher, Martin. | |
| 245 | 1 | 0 |
_aDental bleaching / _cby Martin Kelleher ; editor-in-chief, Nairn H.F. Wilson. |
| 260 |
_aLondon ; _aChicago : _bQuintessence Publishing, _cc.2008. |
||
| 300 |
_a127 p. : _bill. ; _c22 cm. |
||
| 490 | 0 |
_aQuintessentials of dental practice ; _v38 |
|
| 490 | 0 |
_aOperative dentistry ; _v6 |
|
| 504 | _aIncludes bibliographical references and index. | ||
| 650 | 0 |
_aTeeth _xBleaching. _2BUEsh |
|
| 650 | 0 |
_aTooth Bleaching _xmethods. _2BUEsh |
|
| 650 | 0 |
_aTooth Discoloration _xtherapy. _2BUEsh |
|
| 651 | _2BUEsh | ||
| 653 |
_bDDent _cJanuary2017 |
||
| 700 | 1 |
_aWilson, Nairn H. F., _eeditor. |
|
| 942 | _2ddc | ||
| 999 |
_c23806 _d23778 |
||